| 000 | 00703cam a22002411 4500 | ||
|---|---|---|---|
| 999 |
_c7400 _d7400 |
||
| 001 | 6984561 | ||
| 003 | GBCCL | ||
| 005 | 20241126110627.0 | ||
| 008 | 791109s1954 xx 000 0 eng | ||
| 010 | _a 54035834 | ||
| 035 | _a(OCoLC)5669087 | ||
| 040 |
_aDLC _cCLolC _dDLC |
||
| 042 | _apremarc | ||
| 050 | 0 | 0 |
_aBV3795 _b.B34 |
| 082 |
_a269.2 _bBAR |
||
| 100 | 1 |
_aBarnette, J. N. _q(Jasper Newton), _d1887- _913092 |
|
| 245 | 1 | 0 | _aOne to eight. |
| 260 |
_aNashville, _bSunday School Board of the Southern Baptist Convention _c[1954] |
||
| 300 |
_a127 p. _c19 cm. |
||
| 650 | 0 |
_aEvangelistic work _xStudy and teaching. _94767 |
|
| 906 |
_a7 _bcbc _coclcrpl _du _encip _f19 _gy-gencatlg |
||
| 942 |
_2ddc _cBK |
||